00551nam a2200193Ia 450000500170000000800410001704000190005804100120007708200160008910000150010524500790012026000320019930000120023150400410024365000230028465100230030770000170033085000100034720230222092501.0131103s9999 xx 000 0 und d aLoreto College aEnglish a821.04bCOX aCox, C. B. aModern poetryb studies in practical criticism cC. B. Cox and A. E. Dyson aLondonbEdward Arnoldc1963 a168 p.  aIncludes bibliographical references  aEnglish Literature aPoetry - Criticism aDyson, A. E. aLCLIB